Get the Picture: Jim Carrey or Robin Williams? Quiz Stats

 Plays Quiz Updated Aug 26, 2019

Score 0/16 Timer 02:00
3 Plays Today
Question Answer Wrong Answers
Mrs. Doubtfire Robin Williams
97.6%
Jim Carrey
1%
Dead Poets Society Robin Williams
96.8%
Jim Carrey
1.6%
The Mask Jim Carrey
96.1%
Robin Williams
2.1%
Liar Liar Jim Carrey
96%
Robin Williams
2.3%
The Truman Show Jim Carrey
95.8%
Robin Williams
2.5%
The Cable Guy Jim Carrey
93.8%
Robin Williams
4.5%
Flubber Robin Williams
91.9%
Jim Carrey
6.8%
The Fisher King Robin Williams
90.2%
Jim Carrey
8.2%
Yes Man Jim Carrey
89.8%
Robin Williams
8.5%
Toys Robin Williams
86.7%
Jim Carrey
11.4%
Fun with Dick and Jane Jim Carrey
86.3%
Robin Williams
12%
Eternal Sunshine of the Spotless Mind Jim Carrey
84.5%
Robin Williams
14.1%
Man on the Moon Jim Carrey
81.4%
Robin Williams
17%
Death to Smoochy Robin Williams
77.8%
Jim Carrey
20.4%
Jakob the Liar Robin Williams
77%
Jim Carrey
21.2%
Insomnia Robin Williams
74.6%
Jim Carrey
23.9%

Today's Daily Dose

You're not logged in!

Compare scores with friends on all Sporcle quizzes.
OR
Log In

Sporcle TV

Today on Sporcle TV


Watch our educational content, quiz creation guides, and fun videos on Sporcle TV.

Show Comments

Extras

Top Quizzes Today


Score Distribution

Your Account Isn't Verified!

In order to create a playlist on Sporcle, you need to verify the email address you used during registration. Go to your Sporcle Settings to finish the process.

Report this User

Report this user for behavior that violates our Community Guidelines.

Details: